[Event "DEM U16 2020"]
[Site "Willingen GER"]
[Date "2020.10.21"]
[Round "2"]
[White "Dahl, Christoph"]
[Black "Mainka, Alwin"]
[Result "1/2-1/2"]
[Termination "normal"]
[Board "9"]
[WhiteElo "2262"]
[BlackElo "1954"]
[WhiteClock "00:00:49"]
[BlackClock "00:23:26"]
[PlyCount "105"]
[WhiteFideId "16240235"]
[BlackFideId "16241177"]
[EventCountry "GER"]
[EventRounds "7"]
[EventType "swiss"]
[EventDate "2020.10.19"]

1. e4 {[%clk 1:30:58]} c5 {[%clk 1:30:53]} 2. Nf3 {[%clk 1:31:03]} d6 {[%clk
1:31:17]} 3. d4 {[%clk 1:31:02]} cxd4 {[%clk 1:31:40]} 4. Nxd4 {[%clk 1:31:14]}
Nf6 {[%clk 1:31:58]} 5. Nc3 {[%clk 1:31:13]} g6 {[%clk 1:32:17]} 6. Be3 {[%clk
1:31:00]} Bg7 {[%clk 1:32:34]} 7. f3 {[%clk 1:30:30]} Nc6 {[%clk 1:32:38]} 8.
Qd2 {[%clk 1:29:48]} O-O {[%clk 1:32:59]} 9. Bc4 {[%clk 1:29:09]} Bd7 {[%clk
1:33:10]} 10. O-O-O {[%clk 1:28:46]} Rb8 {[%clk 1:33:00]} 11. Bb3 {[%clk
1:27:53]} Na5 {[%clk 1:32:59]} 12. Bh6 {[%clk 1:27:10]} b5 {[%clk 1:29:09]} 13.
Bxg7 {[%clk 1:26:09]} Kxg7 {[%clk 1:28:46]} 14. g4 {[%clk 1:25:31]} Nc4 {[%clk
1:21:05]} 15. Bxc4 {[%clk 1:22:09]} bxc4 {[%clk 1:21:21]} 16. b3 {[%clk
1:20:35]} Qa5 {[%clk 1:10:20]} 17. Kb2 {[%clk 1:20:27]} Rfc8 {[%clk 1:08:38]}
18. h4 {[%clk 1:17:01]} h5 {[%clk 1:06:36]} 19. gxh5 {[%clk 1:03:22]} Nxh5
{[%clk 1:04:20]} 20. Rhg1 {[%clk 1:02:34]} Rc5 {[%clk 1:01:51]} 21. Nde2 {[%clk
0:52:50]} cxb3 {[%clk 0:56:28]} 22. cxb3 {[%clk 0:52:56]} Qb4 {[%clk 0:56:36]}
23. f4 {[%clk 0:36:11]} Be6 {[%clk 0:55:36]} 24. Qd4+ {[%clk 0:27:24]} Qxd4
{[%clk 0:55:02]} 25. Rxd4 {[%clk 0:27:33]} Kh7 {[%clk 0:54:04]} 26. Rg5 {[%clk
0:23:16]} Rbc8 {[%clk 0:48:09]} 27. f5 {[%clk 0:22:39]} Bd7 {[%clk 0:48:04]}
28. fxg6+ {[%clk 0:21:57]} fxg6 {[%clk 0:48:24]} 29. e5 {[%clk 0:19:56]} R5c6
{[%clk 0:43:14]} 30. exd6 {[%clk 0:19:58]} Rxd6 {[%clk 0:43:28]} 31. Rxd6
{[%clk 0:19:51]} exd6 {[%clk 0:43:48]} 32. Ra5 {[%clk 0:19:32]} Rc7 {[%clk
0:42:34]} 33. Ra6 {[%clk 0:19:47]} Bg4 {[%clk 0:37:45]} 34. Rxd6 {[%clk
0:19:42]} Rf7 {[%clk 0:37:40]} 35. Nd4 {[%clk 0:17:45]} Nf4 {[%clk 0:35:52]}
36. Nc6 {[%clk 0:16:29]} Bf5 {[%clk 0:34:56]} 37. Nd5 {[%clk 0:12:10]} Nxd5
{[%clk 0:33:22]} 38. Rxd5 {[%clk 0:10:25]} Be4 {[%clk 0:33:42]} 39. Rd6 {[%clk
0:10:42]} Rf2+ {[%clk 0:33:46]} 40. Ka3 {[%clk 0:11:04]} Bb1 {[%clk 0:33:15]}
41. Rd7+ {[%clk 0:09:20]} Kh6 {[%clk 0:33:04]} 42. Nxa7 {[%clk 0:09:34]} Rxa2+
{[%clk 0:33:00]} 43. Kb4 {[%clk 0:09:59]} Rh2 {[%clk 0:33:01]} 44. Nc6 {[%clk
0:09:23]} Rxh4+ {[%clk 0:32:55]} 45. Kc5 {[%clk 0:08:57]} g5 {[%clk 0:32:20]}
46. Ne5 {[%clk 0:05:30]} Re4 {[%clk 0:29:38]} 47. Rd6+ {[%clk 0:01:21]} Kh5
{[%clk 0:27:27]} 48. Nf7 {[%clk 0:01:44]} Re7 {[%clk 0:26:01]} 49. Rf6 {[%clk
0:01:35]} Ba2 {[%clk 0:25:39]} 50. Kd6 {[%clk 0:01:41]} Rb7 {[%clk 0:23:55]}
51. Rh6+ {[%clk 0:00:35]} Kg4 {[%clk 0:24:03]} 52. Rh7 {[%clk 0:00:37]} Rxb3
{[%clk 0:23:26]} 53. Kc5 {[%clk 0:00:49]} 1/2-1/2

[Event "DEM U16 2020"]
[Site "Willingen GER"]
[Date "2020.10.21"]
[Round "2"]
[White "Reimer, Philip"]
[Black "Weihrauch, Jakob"]
[Result "1/2-1/2"]
[Termination "normal"]
[Board "10"]
[WhiteElo "1984"]
[BlackElo "2184"]
[WhiteClock "00:01:31"]
[BlackClock "00:35:15"]
[PlyCount "59"]
[WhiteFideId "16235860"]
[BlackFideId "16210115"]
[EventCountry "GER"]
[EventRounds "7"]
[EventType "swiss"]
[EventDate "2020.10.19"]

1. e4 {[%clk 1:30:55]} e5 {[%clk 1:30:50]} 2. Nf3 {[%clk 1:31:18]} Nc6 {[%clk
1:31:14]} 3. Bc4 {[%clk 1:31:44]} Bc5 {[%clk 1:31:38]} 4. c3 {[%clk 1:29:40]}
Nf6 {[%clk 1:31:56]} 5. d4 {[%clk 1:30:02]} exd4 {[%clk 1:32:17]} 6. e5 {[%clk
1:30:26]} d5 {[%clk 1:32:01]} 7. Bb5 {[%clk 1:30:50]} Ne4 {[%clk 1:32:21]} 8.
cxd4 {[%clk 1:31:14]} Bb6 {[%clk 1:32:07]} 9. Nc3 {[%clk 1:31:35]} O-O {[%clk
1:30:33]} 10. Be3 {[%clk 1:31:59]} Be6 {[%clk 1:27:31]} 11. Qc2 {[%clk
1:20:57]} f6 {[%clk 1:22:26]} 12. Bxc6 {[%clk 0:43:26]} bxc6 {[%clk 1:22:29]}
13. O-O {[%clk 0:40:58]} c5 {[%clk 1:05:31]} 14. dxc5 {[%clk 0:27:39]} Nxc5
{[%clk 1:05:28]} 15. Rad1 {[%clk 0:24:49]} c6 {[%clk 0:49:09]} 16. Bxc5 {[%clk
0:16:51]} Bxc5 {[%clk 0:49:08]} 17. Ne4 {[%clk 0:17:16]} Bf5 {[%clk 0:42:40]}
18. Qxc5 {[%clk 0:13:00]} Bxe4 {[%clk 0:43:01]} 19. Nd4 {[%clk 0:13:04]} Qb6
{[%clk 0:40:01]} 20. Qxb6 {[%clk 0:06:08]} axb6 {[%clk 0:40:01]} 21. f3 {[%clk
0:05:46]} Bg6 {[%clk 0:37:52]} 22. Nxc6 {[%clk 0:05:59]} fxe5 {[%clk 0:38:05]}
23. Ne7+ {[%clk 0:03:59]} Kf7 {[%clk 0:38:26]} 24. Nxg6 {[%clk 0:04:02]} Kxg6
{[%clk 0:37:20]} 25. Rxd5 {[%clk 0:04:21]} Rxa2 {[%clk 0:37:45]} 26. Rb5 {[%clk
0:03:55]} Rf6 {[%clk 0:38:09]} 27. Re1 {[%clk 0:03:20]} Rc6 {[%clk 0:36:32]}
28. Kf1 {[%clk 0:02:21]} Kf6 {[%clk 0:36:26]} 29. Re2 {[%clk 0:01:46]} Re6
{[%clk 0:35:15]} 30. Kf2 {[%clk 0:01:31]} 1/2-1/2

[Event "DEM U16 2020"]
[Site "Willingen GER"]
[Date "2020.10.21"]
[Round "2"]
[White "Hinrichs, Paul"]
[Black "Müller, Magnus"]
[Result "1-0"]
[Termination "normal"]
[Board "11"]
[WhiteElo "2168"]
[BlackElo "2030"]
[PlyCount "45"]
[WhiteFideId "12942545"]
[BlackFideId "16230060"]
[EventCountry "GER"]
[EventRounds "7"]
[EventType "swiss"]
[EventDate "2020.10.19"]

1. d4 Nf6 2. c4 e6 3. Nc3 Bb4 4. e3 O-O 5. Bd3 c5 6. Nf3 d5 7. O-O cxd4 8. exd4
dxc4 9. Bxc4 b6 10. Bg5 Bb7 11. Rc1 h6 12. Bh4 Nc6 13. d5 Na5 14. Ne4 Be7 15.
Nxf6+ Bxf6 16. dxe6 Qxd1 17. exf7+ Kh8 18. Rfxd1 Bxf3 19. gxf3 Bxh4 20. Bd5 Bg5
21. Bxa8 Bxc1 22. Rxc1 Rxa8 23. Re1 1-0

[Event "DEM U16 2020"]
[Site "Willingen GER"]
[Date "2020.10.21"]
[Round "2"]
[White "Zackrisson, Peter"]
[Black "Lohr, Maximilian"]
[Result "1-0"]
[Termination "normal"]
[Board "12"]
[WhiteElo "1947"]
[BlackElo "2108"]
[WhiteClock "00:42:40"]
[BlackClock "00:50:12"]
[PlyCount "57"]
[WhiteFideId "16282078"]
[BlackFideId "12999717"]
[EventCountry "GER"]
[EventRounds "7"]
[EventType "swiss"]
[EventDate "2020.10.19"]

1. e4 {[%clk 1:30:56]} c5 {[%clk 1:30:55]} 2. Nf3 {[%clk 1:31:05]} d6 {[%clk
1:31:20]} 3. d4 {[%clk 1:31:28]} cxd4 {[%clk 1:31:46]} 4. Nxd4 {[%clk 1:31:49]}
Nf6 {[%clk 1:32:12]} 5. Nc3 {[%clk 1:32:07]} a6 {[%clk 1:32:37]} 6. Bg5 {[%clk
1:32:02]} e6 {[%clk 1:32:59]} 7. f4 {[%clk 1:32:21]} Qb6 {[%clk 1:33:24]} 8.
Nb3 {[%clk 1:32:14]} Nbd7 {[%clk 1:33:35]} 9. Qd2 {[%clk 1:32:09]} Qc7 {[%clk
1:33:37]} 10. O-O-O {[%clk 1:31:21]} b5 {[%clk 1:33:08]} 11. a3 {[%clk
1:30:32]} Bb7 {[%clk 1:33:19]} 12. Bd3 {[%clk 1:30:09]} Be7 {[%clk 1:33:21]}
13. Rhg1 {[%clk 1:29:18]} Rc8 {[%clk 1:32:18]} 14. g4 {[%clk 1:28:02]} Nb6
{[%clk 1:29:52]} 15. Qe1 {[%clk 1:15:44]} h6 {[%clk 1:15:20]} 16. Bh4 {[%clk
1:12:16]} d5 {[%clk 1:15:41]} 17. e5 {[%clk 1:05:12]} Ne4 {[%clk 1:06:03]} 18.
Bxe7 {[%clk 1:03:15]} Qxe7 {[%clk 1:06:26]} 19. Bxe4 {[%clk 1:01:30]} dxe4
{[%clk 1:06:42]} 20. Nxe4 {[%clk 1:01:14]} Bxe4 {[%clk 1:06:48]} 21. Qxe4
{[%clk 1:01:32]} Nc4 {[%clk 1:01:39]} 22. Rg3 {[%clk 0:58:27]} b4 {[%clk
0:58:08]} 23. axb4 {[%clk 0:56:19]} Qxb4 {[%clk 0:58:28]} 24. Rc3 {[%clk
0:55:41]} Qb5 {[%clk 0:54:04]} 25. Rd4 {[%clk 0:54:45]} Nb6 {[%clk 0:54:18]}
26. Rxc8+ {[%clk 0:47:10]} Nxc8 {[%clk 0:54:31]} 27. Rd3 {[%clk 0:47:02]} Nb6
{[%clk 0:51:43]} 28. Nd4 {[%clk 0:46:06]} Qd5 {[%clk 0:50:12]} 29. Nc6 {[%clk
0:42:40]} 1-0

[Event "DEM U16 2020"]
[Site "Willingen GER"]
[Date "2020.10.22"]
[Round "4"]
[White "Kolb, Tobias"]
[Black "Köllner, Ruben Gideon"]
[Result "1/2-1/2"]
[Termination "normal"]
[Board "1"]
[BlackTitle "FM"]
[WhiteElo "2268"]
[BlackElo "2337"]
[WhiteClock "00:23:11"]
[BlackClock "00:27:09"]
[PlyCount "98"]
[WhiteFideId "12992321"]
[BlackFideId "12993093"]
[EventCountry "GER"]
[EventRounds "7"]
[EventType "swiss"]
[EventDate "2020.10.19"]

1. d4 {[%clk 1:30:58]} d6 {[%clk 1:30:51]} 2. e4 {[%clk 1:31:22]} Nf6 {[%clk
1:31:16]} 3. Nc3 {[%clk 1:31:48]} e5 {[%clk 1:31:42]} 4. dxe5 {[%clk 1:30:59]}
dxe5 {[%clk 1:32:03]} 5. Qxd8+ {[%clk 1:31:17]} Kxd8 {[%clk 1:32:30]} 6. Bc4
{[%clk 1:31:40]} Be6 {[%clk 1:32:00]} 7. Bxe6 {[%clk 1:31:00]} fxe6 {[%clk
1:32:23]} 8. f3 {[%clk 1:30:38]} Bd6 {[%clk 1:32:43]} 9. Nh3 {[%clk 1:30:39]}
Ke7 {[%clk 1:33:08]} 10. Nf2 {[%clk 1:30:44]} Nbd7 {[%clk 1:33:33]} 11. Ncd1
{[%clk 1:29:11]} b5 {[%clk 1:32:37]} 12. Ne3 {[%clk 1:23:30]} Nb6 {[%clk
1:30:16]} 13. Ke2 {[%clk 1:15:41]} Nfd7 {[%clk 1:29:08]} 14. b3 {[%clk
1:01:26]} a5 {[%clk 1:28:25]} 15. Nd3 {[%clk 0:57:30]} a4 {[%clk 1:27:06]} 16.
Bb2 {[%clk 0:46:34]} h5 {[%clk 1:26:15]} 17. g3 {[%clk 0:43:20]} Rhf8 {[%clk
1:05:53]} 18. Ng2 {[%clk 0:38:27]} c5 {[%clk 0:52:31]} 19. f4 {[%clk 0:37:30]}
c4 {[%clk 0:50:35]} 20. Nxe5 {[%clk 0:37:26]} Nxe5 {[%clk 0:50:56]} 21. fxe5
{[%clk 0:25:38]} Bc5 {[%clk 0:51:18]} 22. Nf4 {[%clk 0:26:03]} Rfc8 {[%clk
0:51:34]} 23. Rhf1 {[%clk 0:22:55]} b4 {[%clk 0:48:57]} 24. bxc4 {[%clk
0:18:06]} Nxc4 {[%clk 0:48:43]} 25. Bc1 {[%clk 0:16:37]} Rab8 {[%clk 0:17:19]}
26. Rb1 {[%clk 0:13:29]} Rb7 {[%clk 0:13:38]} 27. h4 Ke8 {[%clk 0:05:56]} 28.
Nxe6 {[%clk 0:11:04]} Rc6 {[%clk 0:06:18]} 29. Nf4 {[%clk 0:06:00]} Nxe5 {[%clk
0:06:32]} 30. Bb2 {[%clk 0:05:28]} Bd6 {[%clk 0:06:26]} 31. Rfc1 {[%clk
0:03:34]} Rc4 {[%clk 0:06:23]} 32. Bxe5 {[%clk 0:02:56]} Bxe5 {[%clk 0:04:40]}
33. Kf3 {[%clk 0:02:12]} Rc3+ {[%clk 0:04:28]} 34. Nd3 {[%clk 0:02:08]} b3
{[%clk 0:02:49]} 35. axb3 {[%clk 0:02:36]} axb3 {[%clk 0:03:13]} 36. Ke2 {[%clk
0:02:36]} Bxg3 {[%clk 0:02:55]} 37. Kd2 {[%clk 0:01:34]} Rc4 {[%clk 0:02:37]}
38. Rxb3 {[%clk 0:00:53]} Rxb3 {[%clk 0:02:56]} 39. cxb3 {[%clk 0:01:22]} Rxe4
{[%clk 0:03:03]} 40. Rg1 {[%clk 0:01:03]} Rg4 {[%clk 0:02:36]} 41. Ke2 {[%clk
0:29:12]} g5 {[%clk 0:28:44]} 42. hxg5 {[%clk 0:28:53]} Rxg5 {[%clk 0:28:28]}
43. Nf2 {[%clk 0:25:09]} Re5+ {[%clk 0:26:43]} 44. Kf3 {[%clk 0:25:29]} h4
{[%clk 0:26:01]} 45. Ne4 {[%clk 0:22:22]} Rf5+ {[%clk 0:26:21]} 46. Kg2 {[%clk
0:22:46]} Re5 {[%clk 0:25:55]} 47. Nxg3 {[%clk 0:22:55]} hxg3 {[%clk 0:26:19]}
48. Kxg3 {[%clk 0:22:45]} Re3+ {[%clk 0:26:44]} 49. Kf4 {[%clk 0:23:11]} Rxb3
{[%clk 0:27:09]} 1/2-1/2

[Event "DEM U16 2020"]
[Site "Willingen GER"]
[Date "2020.10.22"]
[Round "4"]
[White "Kölle, Tobias"]
[Black "Pubantz, Jan"]
[Result "1/2-1/2"]
[Termination "normal"]
[Board "2"]
[WhiteElo "2323"]
[BlackElo "2295"]
[WhiteClock "00:49:11"]
[BlackClock "00:12:59"]
[PlyCount "86"]
[WhiteFideId "16207378"]
[BlackFideId "12996114"]
[EventCountry "GER"]
[EventRounds "7"]
[EventType "swiss"]
[EventDate "2020.10.19"]

1. d4 {[%clk 1:30:57]} d5 {[%clk 1:30:56]} 2. c4 {[%clk 1:31:23]} c6 {[%clk
1:31:24]} 3. cxd5 {[%clk 1:31:48]} cxd5 {[%clk 1:31:48]} 4. Bg5 {[%clk
1:32:15]} Nc6 {[%clk 1:23:51]} 5. Nc3 {[%clk 1:32:43]} Bf5 {[%clk 1:06:45]} 6.
e4 {[%clk 1:33:00]} dxe4 {[%clk 0:51:02]} 7. d5 {[%clk 1:33:26]} Ne5 {[%clk
0:48:50]} 8. Qa4+ {[%clk 1:31:19]} Nd7 {[%clk 0:44:58]} 9. Nge2 {[%clk
1:29:00]} a6 {[%clk 0:37:20]} 10. Ng3 {[%clk 1:26:11]} b5 {[%clk 0:33:17]} 11.
Qd4 {[%clk 1:20:48]} Bg6 {[%clk 0:33:42]} 12. Ncxe4 {[%clk 1:19:08]} Qb6 {[%clk
0:30:53]} 13. Qd2 {[%clk 1:16:52]} Ngf6 {[%clk 0:30:24]} 14. Nxf6+ {[%clk
1:13:07]} Nxf6 {[%clk 0:25:21]} 15. Be2 {[%clk 1:09:26]} Rd8 {[%clk 0:25:05]}
16. Bf3 {[%clk 1:09:09]} e5 {[%clk 0:22:52]} 17. Rc1 {[%clk 1:07:05]} Be7
{[%clk 0:20:44]} 18. Bxf6 {[%clk 1:01:25]} Bxf6 {[%clk 0:20:21]} 19. O-O {[%clk
1:00:00]} O-O {[%clk 0:20:43]} 20. Qb4 {[%clk 0:59:18]} Qd6 {[%clk 0:15:59]}
21. Qg4 {[%clk 0:56:57]} Qd7 {[%clk 0:14:09]} 22. Qxd7 {[%clk 0:56:44]} Rxd7
{[%clk 0:14:38]} 23. Rc6 {[%clk 0:57:06]} Be7 {[%clk 0:12:17]} 24. Re1 {[%clk
0:51:13]} Bd6 {[%clk 0:08:44]} 25. Rxa6 {[%clk 0:49:49]} f5 {[%clk 0:09:02]}
26. Rc1 {[%clk 0:45:43]} e4 {[%clk 0:08:32]} 27. Bd1 {[%clk 0:44:22]} Be5
{[%clk 0:06:47]} 28. b4 {[%clk 0:42:59]} f4 {[%clk 0:04:49]} 29. Nf1 {[%clk
0:40:00]} Rb8 {[%clk 0:03:23]} 30. Bg4 {[%clk 0:38:06]} Rd6 {[%clk 0:02:01]}
31. Ra7 {[%clk 0:36:01]} Bf7 {[%clk 0:01:55]} 32. Re7 {[%clk 0:31:41]} Rxd5
{[%clk 0:01:12]} 33. Rc5 {[%clk 0:31:14]} Rxc5 {[%clk 0:00:35]} 34. bxc5 {[%clk
0:31:42]} Re8 {[%clk 0:00:38]} 35. Rb7 {[%clk 0:29:03]} Bxa2 {[%clk 0:01:06]}
36. Rxb5 {[%clk 0:28:11]} Be6 {[%clk 0:01:05]} 37. Be2 {[%clk 0:27:03]} Bd5
{[%clk 0:01:17]} 38. Rb1 {[%clk 0:21:44]} Rc8 {[%clk 0:00:45]} 39. Rd1 {[%clk
0:21:45]} Be6 {[%clk 0:00:45]} 40. Nd2 {[%clk 0:21:10]} Rxc5 {[%clk 0:00:32]}
41. Nxe4 {[%clk 0:21:25]} Rc8 {[%clk 0:23:27]} 42. Ng5 {[%clk 0:51:04]} Bb3
{[%clk 0:20:34]} 43. Bg4 {[%clk 0:49:11]} Ra8 {[%clk 0:12:59]} 1/2-1/2

[Event "DEM U16 2020"]
[Site "Willingen GER"]
[Date "2020.10.22"]
[Round "4"]
[White "Fromm, Marius"]
[Black "Sulayev, Daniel"]
[Result "1-0"]
[Termination "normal"]
[Board "3"]
[WhiteElo "2190"]
[BlackElo "2193"]
[WhiteClock "00:21:28"]
[BlackClock "00:14:35"]
[PlyCount "57"]
[WhiteFideId "12993190"]
[BlackFideId "12977675"]
[EventCountry "GER"]
[EventRounds "7"]
[EventType "swiss"]
[EventDate "2020.10.19"]

1. e4 {[%clk 1:30:54]} c5 {[%clk 1:30:55]} 2. Nf3 {[%clk 1:31:21]} Nc6 {[%clk
1:31:19]} 3. Bb5 {[%clk 1:31:44]} e6 {[%clk 1:31:45]} 4. Bxc6 {[%clk 1:32:05]}
bxc6 {[%clk 1:32:10]} 5. d3 {[%clk 1:32:29]} Ne7 {[%clk 1:32:31]} 6. h4 {[%clk
1:32:52]} h5 {[%clk 1:32:46]} 7. e5 {[%clk 1:33:12]} Ng6 {[%clk 1:32:54]} 8.
Nbd2 {[%clk 1:30:24]} Qc7 {[%clk 1:30:26]} 9. Qe2 {[%clk 1:29:16]} f6 {[%clk
1:29:56]} 10. Nc4 {[%clk 1:18:29]} Be7 {[%clk 1:26:42]} 11. b3 {[%clk 1:11:35]}
O-O {[%clk 1:10:16]} 12. Bb2 {[%clk 0:57:12]} fxe5 {[%clk 1:06:27]} 13. g3
{[%clk 0:41:35]} d6 {[%clk 0:44:24]} 14. Ng5 {[%clk 0:41:49]} Bxg5 {[%clk
0:44:26]} 15. hxg5 {[%clk 0:41:58]} h4 {[%clk 0:44:28]} 16. O-O-O {[%clk
0:39:01]} Ba6 {[%clk 0:38:48]} 17. Qh5 {[%clk 0:33:13]} Kf7 {[%clk 0:37:35]}
18. f4 {[%clk 0:29:19]} Rh8 {[%clk 0:33:24]} 19. Qg4 {[%clk 0:28:39]} Bxc4
{[%clk 0:28:43]} 20. dxc4 {[%clk 0:28:59]} hxg3 {[%clk 0:25:27]} 21. f5 {[%clk
0:24:23]} Nf4 {[%clk 0:25:24]} 22. g6+ {[%clk 0:24:50]} Ke7 {[%clk 0:23:11]}
23. Qg5+ {[%clk 0:24:50]} Kd7 24. Rxh8 {[%clk 0:24:58]} Rxh8 {[%clk 0:23:40]}
25. Bxe5 {[%clk 0:25:24]} Ne2+ {[%clk 0:23:13]} 26. Kb2 {[%clk 0:25:22]} Kc8
{[%clk 0:17:13]} 27. Rxd6 {[%clk 0:23:34]} Re8 {[%clk 0:15:09]} 28. fxe6 {[%clk
0:21:26]} Nd4 {[%clk 0:14:35]} 29. Rxd4 {[%clk 0:21:28]} 1-0

[Event "DEM U16 2020"]
[Site "Willingen GER"]
[Date "2020.10.22"]
[Round "4"]
[White "Boder, Jan"]
[Black "Pahl, Erik"]
[Result "1/2-1/2"]
[Termination "normal"]
[Board "4"]
[WhiteElo "2155"]
[BlackElo "2097"]
[WhiteClock "00:02:33"]
[BlackClock "00:08:03"]
[PlyCount "124"]
[WhiteFideId "16243226"]
[BlackFideId "16201272"]
[EventCountry "GER"]
[EventRounds "7"]
[EventType "swiss"]
[EventDate "2020.10.19"]

1. c4 {[%clk 1:30:57]} e5 {[%clk 1:30:55]} 2. g3 {[%clk 1:31:13]} Nc6 {[%clk
1:30:57]} 3. Bg2 {[%clk 1:31:34]} d6 {[%clk 1:31:17]} 4. Nc3 {[%clk 1:31:47]}
Be6 {[%clk 1:31:42]} 5. d3 {[%clk 1:30:10]} Qd7 {[%clk 1:26:07]} 6. Rb1 {[%clk
1:29:06]} g6 {[%clk 1:26:26]} 7. b4 {[%clk 1:28:02]} Bg7 {[%clk 1:26:39]} 8. b5
{[%clk 1:27:40]} Nd8 {[%clk 1:26:07]} 9. e3 {[%clk 1:23:11]} Ne7 {[%clk
1:26:09]} 10. Nd5 {[%clk 1:22:59]} O-O {[%clk 1:24:46]} 11. Ne2 {[%clk
1:22:55]} Nc8 {[%clk 1:24:41]} 12. O-O {[%clk 1:19:47]} c6 {[%clk 1:22:38]} 13.
bxc6 {[%clk 1:20:05]} bxc6 {[%clk 1:23:04]} 14. Ndc3 {[%clk 1:19:10]} f5 {[%clk
1:18:09]} 15. Qa4 {[%clk 1:15:55]} Ne7 {[%clk 1:11:55]} 16. Qa6 {[%clk
1:07:11]} Rc8 {[%clk 1:08:12]} 17. Rb3 {[%clk 0:46:23]} g5 {[%clk 0:49:53]} 18.
f4 {[%clk 0:45:09]} gxf4 {[%clk 0:39:07]} 19. exf4 {[%clk 0:42:28]} Ng6 {[%clk
0:35:48]} 20. Be3 {[%clk 0:38:23]} Rf7 {[%clk 0:36:07]} 21. Rfb1 {[%clk
0:35:52]} Bf6 {[%clk 0:29:14]} 22. d4 {[%clk 0:29:07]} exf4 {[%clk 0:22:54]}
23. Nxf4 {[%clk 0:29:18]} Nxf4 {[%clk 0:23:01]} 24. gxf4 {[%clk 0:28:30]} Rg7
{[%clk 0:22:17]} 25. Ne2 {[%clk 0:27:01]} Qf7 {[%clk 0:21:25]} 26. Ng3 {[%clk
0:24:47]} Rc7 {[%clk 0:20:39]} 27. Rb4 {[%clk 0:16:26]} h5 {[%clk 0:20:44]} 28.
Kh1 {[%clk 0:11:46]} h4 {[%clk 0:21:04]} 29. Ne2 {[%clk 0:12:00]} Qh5 {[%clk
0:19:28]} 30. Ng1 {[%clk 0:11:44]} Kh7 {[%clk 0:13:23]} 31. Rf1 {[%clk
0:10:04]} Rxg2 {[%clk 0:09:54]} 32. Kxg2 {[%clk 0:10:31]} Bc8 {[%clk 0:09:47]}
33. Qa4 {[%clk 0:09:47]} c5 {[%clk 0:10:02]} 34. dxc5 {[%clk 0:10:00]} dxc5
{[%clk 0:10:23]} 35. Rbb1 {[%clk 0:08:28]} Bb7+ {[%clk 0:09:45]} 36. Rxb7
{[%clk 0:08:04]} Qg4+ {[%clk 0:08:58]} 37. Kh1 {[%clk 0:08:13]} Nxb7 {[%clk
0:08:53]} 38. Qd1 {[%clk 0:07:23]} Na5 {[%clk 0:07:07]} 39. Qd5 {[%clk
0:06:36]} Rg7 {[%clk 0:05:15]} 40. h3 {[%clk 0:04:40]} Qg6 {[%clk 0:05:12]} 41.
Ne2 {[%clk 0:02:52]} Nxc4 {[%clk 0:29:00]} 42. Bxc5 {[%clk 0:31:59]} Nb6 {[%clk
0:29:15]} 43. Qc6 {[%clk 0:27:22]} Bd8 {[%clk 0:25:51]} 44. Qf3 {[%clk
0:24:41]} Qe8 {[%clk 0:25:09]} 45. Bd4 {[%clk 0:22:48]} Re7 {[%clk 0:20:53]}
46. Be5 {[%clk 0:18:32]} Nc4 {[%clk 0:18:23]} 47. Nd4 {[%clk 0:10:22]} Nd2
{[%clk 0:16:25]} 48. Qf2 {[%clk 0:10:43]} Nxf1 {[%clk 0:11:20]} 49. Qxh4+
{[%clk 0:10:17]} Kg6 {[%clk 0:11:30]} 50. Qf6+ {[%clk 0:08:47]} Kh7 {[%clk
0:11:51]} 51. Qh4+ {[%clk 0:04:32]} Kg6 {[%clk 0:12:16]} 52. Qf6+ {[%clk
0:04:59]} Kh7 {[%clk 0:12:42]} 53. Nxf5 {[%clk 0:05:08]} Ng3+ {[%clk 0:12:54]}
54. Nxg3 {[%clk 0:05:26]} Rf7 {[%clk 0:13:08]} 55. Qa6 {[%clk 0:04:12]} Rd7
{[%clk 0:12:28]} 56. Qe2 {[%clk 0:04:25]} Bh4 {[%clk 0:11:50]} 57. Ne4 {[%clk
0:03:25]} Qg6 {[%clk 0:10:33]} 58. Nc3 {[%clk 0:03:00]} Rd3 {[%clk 0:08:26]}
59. Qg4 {[%clk 0:02:34]} Qc6+ {[%clk 0:08:10]} 60. Kh2 {[%clk 0:01:58]} Bg3+
{[%clk 0:07:29]} 61. Qxg3 {[%clk 0:02:06]} Rxg3 {[%clk 0:07:45]} 62. Kxg3
{[%clk 0:02:33]} Qg6+ {[%clk 0:08:03]} 1/2-1/2